[Event "13th Dubai Open"]
[Site "Dubai UAE"]
[Date "2011.04.18"]
[Round "9.43"]
[White "AlHuwar,J"]
[Black "Aboudi,M"]
[Result "1/2-1/2"]
[WhiteElo "2334"]
[BlackElo "2184"]

1.Nf3 d5 2.g3 c6 3.Bg2 Bg4 4.c4 e6 5.O-O Nf6 6.d3 Be7 7.b3 O-O 8.Bb2 Nbd7
9.Qc2 Re8 10.e4 dxe4 11.dxe4 Bxf3 12.Bxf3 e5 13.Bg2 Bc5 14.Rd1 a5 15.a3 Qe7
16.Bc3 b5 17.Be1 Nf8 18.a4 b4 19.Nd2 Ne6 20.Nf3 Nd4 21.Nxd4 Bxd4 22.Ra2 Nd7
23.h3 Nc5 24.Kh2 Rad8 25.Qb1 h5 26.Re2 h4 27.Qc2 Ne6 28.Red2 Bb6 29.Rd3 Rxd3
30.Rxd3 Rd8  1/2-1/2

[Event "Zagreb Open B"]
[Site "Zagreb CRO"]
[Date "2011.04.18"]
[Round "9.5"]
[White "Vukovic,Ivo"]
[Black "Jelecevic,I"]
[Result "1/2-1/2"]
[WhiteElo "2213"]
[BlackElo "2183"]

1.Nf3 d5 2.g3 Nf6 3.Bg2 Bf5 4.b3 e6 5.Bb2 Be7 6.O-O O-O 7.d3 c6 8.c4 Nbd7
9.Nbd2 a5 10.a3 Re8 11.Qc2 Nb6 12.Rac1 h6 13.Qb1 Nfd7 14.Qa1 Bf6 15.c5 Nc8
16.Bxf6 Nxf6 17.Qb2 Nd7 18.Rfe1 Ne7 19.Ne5 f6 20.Nxd7 Qxd7 21.e4 Bg6 22.Bh3 Kf7
23.exd5 Nxd5 24.Nc4 Re7 25.Qd4 e5 26.Qh4 Qc7 27.d4 exd4 28.Qxd4 Kf8 29.Nd6 Rd8
30.Bg2 Nb6 31.Qg4 Bh7 32.Nf5 Bxf5 33.Qxf5 Rxe1+ 34.Rxe1 Nd5 35.Bf1 Qd7 36.Qh7 Re8
37.Rxe8+ Qxe8 38.Bc4 Qe5 39.Qh8+ Kf7 40.Qc8 Qe1+ 41.Kg2 Qe4+ 42.Kg1 Qe1+  1/2-1/2

[Event "Caissa IM April 2011"]
[Site "Kecskemet HUN"]
[Date "2011.04.19"]
[Round "4.1"]
[White "Sarosi,Z"]
[Black "Keresztes,R"]
[Result "1/2-1/2"]
[WhiteElo "2313"]
[BlackElo "2249"]

1.Nf3 d5 2.g3 c6 3.Bg2 Nf6 4.O-O Bg4 5.b3 Nbd7 6.Bb2 e6 7.d3 Be7 8.Nbd2 a5
9.a4 O-O 10.h3 Bxf3 11.Nxf3 Re8 12.Qe1 Bb4 13.c3 Bd6  1/2-1/2

[Event "ch-FAI"]
[Site "Vestmanna FAI"]
[Date "2011.04.19"]
[Round "5"]
[White "Vang,Fi"]
[Black "Samuelsen,C"]
[Result "0-1"]
[WhiteElo "2084"]
[BlackElo "2257"]

1.Nf3 d5 2.g3 Nf6 3.c4 c6 4.d4 Bg4 5.Bg2 e6 6.O-O Nbd7 7.Qb3 Qb6 8.Qxb6 axb6
9.cxd5 exd5 10.Nc3 Bb4 11.Bf4 O-O 12.Rfc1 Rfe8 13.e3 h6 14.h4 b5 15.Nd2 Nb6
16.f3 Be6 17.Kf2 Na4 18.Rab1 Nxc3 19.bxc3 Rxa2 20.cxb4 Rxd2+ 21.Kf1 Ra8 22.Ra1 Raa2
23.Rxa2 Rxa2 24.e4 Kf8 25.g4 Ke7 26.g5 hxg5 27.Bxg5 Kf8 28.Bxf6 gxf6 29.f4 dxe4
30.Bxe4 Rd2 31.f5 Rxd4 32.Re1 Bd5 33.Bxd5 cxd5 34.Kg2 Rxh4 35.Rd1 Rxb4 36.Rxd5 Ke7
37.Kf3 Rb1 38.Ke3 Re1+ 39.Kf4 Re5 40.Rd4 Rc5 41.Rd1 b4  0-1

[Event "TCh-RUS Premier"]
[Site "Olginka RUS"]
[Date "2011.04.20"]
[Round "8"]
[White "Konyshev,Ar"]
[Black "Potkin,V"]
[Result "0-1"]
[WhiteElo "2379"]
[BlackElo "2653"]

1.Nf3 d5 2.g3 Nf6 3.Bg2 c6 4.O-O Bf5 5.d3 e6 6.c4 dxc4 7.dxc4 Nbd7 8.b3 Bc5
9.Bb2 O-O 10.Nbd2 h6 11.Qc1 Qe7 12.Nd4 Bg6 13.N2f3 e5 14.Nc2 Rfe8 15.Nh4 Bh7
16.Bh3 Ne4 17.b4 Bb6 18.c5 Bc7 19.Nf5 Qf6 20.Nfe3 Rad8 21.Nc4 Ng5 22.Bg2 Qe6
23.N2e3 Nf6 24.h4 Nh3+ 25.Kh1 Nf4 26.gxf4 exf4 27.Nd6 Bxd6 28.Qc4 fxe3 29.Qxe6 Rxe6
30.cxd6 Ne4  0-1

[Event "ch-USA w Prelim"]
[Site "Saint Louis USA"]
[Date "2011.04.21"]
[Round "7"]
[White "Baginskaite,C"]
[Black "Krush,I"]
[Result "1/2-1/2"]
[WhiteElo "2342"]
[BlackElo "2472"]

1.Nf3 d5 2.g3 Bg4 3.Bg2 Nd7 4.c4 e6 5.Qb3 Nc5 6.Qc2 Nf6 7.O-O Be7 8.b3 O-O
9.Bb2 a5 10.d3 c6 11.Nbd2 Rc8 12.Rac1 h6 13.Rfe1 Bf5 14.Nd4 Bg6 15.N2f3 Nfd7
16.Bh3 Re8 17.Qd2 Bf8 18.cxd5 cxd5 19.Bc3 Ra8 20.Nh4 Bh7 21.f4 Qb6 22.Kh1 Na6
23.Nhf3 Bb4 24.Rc2 Rac8 25.a3 Bxa3 26.Bxa5 Bb4 27.Bxb4 Nxb4 28.Rxc8 Rxc8
29.Rc1 Rxc1+ 30.Qxc1 Qc5  1/2-1/2

[Event "Branko Vukmanovic Mem Open"]
[Site "Tivat MNE"]
[Date "2011.04.21"]
[Round "6.4"]
[White "Arsovic,Z"]
[Black "Drenchev,P"]
[Result "1/2-1/2"]
[WhiteElo "2466"]
[BlackElo "2517"]

1.Nf3 d5 2.g3 Nf6 3.Bg2 c6 4.O-O Bf5 5.d3 e6 6.Be3 Nbd7 7.c4 dxc4 8.Nd4 Bg6
9.dxc4 Qc7 10.Nc3 Bc5 11.Na4 Be7 12.Qb3  1/2-1/2

[Event "Branko Vukmanovic Mem Open"]
[Site "Tivat MNE"]
[Date "2011.04.21"]
[Round "6.11"]
[White "Radovanovic,J"]
[Black "Bellia,F"]
[Result "1-0"]
[WhiteElo "2299"]
[BlackElo "2421"]

1.Nf3 d5 2.g3 Nf6 3.Bg2 Nc6 4.d4 g6 5.c4 dxc4 6.O-O Bg7 7.Na3 O-O 8.Nxc4 Be6
9.b3 Bd5 10.Bb2 a5 11.a4 Nb4 12.e3 c6 13.Rc1 Be4 14.Nfe5 Bxg2 15.Kxg2 Nfd5
16.e4 Nf6 17.Qe2 Bh6 18.Rcd1 b5 19.Na3 Qb6 20.Rfe1 Rab8 21.Ba1 Qb7 22.Nc2 Nd7
23.Nxb4 Nxe5 24.d5 axb4 25.Bxe5 Rbc8 26.dxc6 Rxc6 27.Qxb5 Qxb5 28.axb5 Rb6
29.Rd5 Rc8 30.Red1 Bf8 31.Bd4 Rb7 32.Be3 Kg7 33.b6 e6 34.Rd7 Rcb8 35.Bd4+ Kg8
36.Rxb7 Rxb7 37.Rc1 e5 38.Rc7 Rb8 39.Be3  1-0

[Event "Branko Vukmanovic Mem Open"]
[Site "Tivat MNE"]
[Date "2011.04.21"]
[Round "6.9"]
[White "Drasko,M"]
[Black "Draganic,V"]
[Result "1-0"]
[WhiteElo "2485"]
[BlackElo "2286"]

1.Nf3 d5 2.g3 c6 3.Bg2 Bg4 4.O-O Nd7 5.d3 e6 6.b3 Bd6 7.Bb2 Ngf6 8.Nbd2 O-O
9.h3 Bxf3 10.Nxf3 Re8 11.c4 e5 12.cxd5 cxd5 13.Nd2 Qb6 14.a3 Qa6 15.b4 e4
16.dxe4 dxe4 17.e3 Re7 18.Qb3 Be5 19.Bxe5 Rxe5 20.Rfd1 Rae8 21.Nxe4 Rxe4
22.Bxe4 Rxe4 23.Rac1 h5 24.Rc8+ Kh7 25.Qxf7 Ne5 26.Qb3 Qe2 27.Qc2 Qf3 28.Rdd8 Nf7
29.Qd1 Qf5 30.Rc5 Qxh3 31.Rf8 Ne5 32.Rc7 Neg4 33.Qf3 Kg6 34.Rff7 Qh2+ 35.Kf1 Qh3+
36.Ke1 Qh2 37.Rxg7+ Kh6 38.Rxg4 Nxg4 39.Qf8+ Kg5 40.Rg7+  1-0

[Event "15th Neckar Open"]
[Site "Deizisau GER"]
[Date "2011.04.22"]
[Round "2"]
[White "Duratti,L"]
[Black "Erdos,V"]
[Result "0-1"]
[WhiteElo "2243"]
[BlackElo "2597"]

1.Nf3 d5 2.g3 c5 3.Bg2 Nc6 4.c4 d4 5.d3 e5 6.O-O Nf6 7.Na3 Be7 8.Nc2 O-O
9.a3 a5 10.b3 Bf5 11.Nh4 Bg4 12.Rb1 Nd7 13.h3 Be6 14.Nf3 Rb8 15.Bd2 b5 16.e3 Qc7
17.Qe2 e4 18.dxe4 d3 19.Qxd3 Nde5 20.Nxe5 Nxe5 21.Qc3 bxc4 22.bxc4 Nxc4 23.f4 a4
24.Na1 Rfd8 25.Rxb8 Qxb8 26.Bc1 Bf6 27.e5 Nxe5 28.fxe5 Bxe5 29.Qxc5 Bxa1
30.Qg5 Be5 31.Kh2 Qc7 32.Qh4 Bb3 33.Be4 g6 34.Kg2 Re8 35.Bf3 Qc2+ 36.Kh1 Bc4
37.Rg1 Bb3 38.Rf1 Qd3 39.Rg1 Bd5 40.Bxd5 Qxd5+ 41.Kh2 Rc8 42.Qxa4 Rc4  0-1

[Event "Branko Vukmanovic Mem Open"]
[Site "Tivat MNE"]
[Date "2011.04.22"]
[Round "7.6"]
[White "Ermenkov,Evgenij"]
[Black "Miron,L"]
[Result "1/2-1/2"]
[WhiteElo "2451"]
[BlackElo "2501"]

1.g3 d5 2.Nf3 Nd7 3.d4 Ngf6 4.Bg2 e6 5.O-O b5 6.Nbd2 Bb7 7.c3 c5 8.a4 b4
9.cxb4 cxd4 10.b5 e5 11.a5 Rb8 12.Nb3 Ba8 13.e3 d3 14.Qxd3 e4 15.Qe2 exf3
16.Bxf3 Bd6 17.Bd2 Ne5 18.Bg2 O-O 19.Bc3 Qd7 20.Nd4 Rfe8 21.Rfc1 Ne4 22.Be1 Nc5
23.Bc3 Ne4 24.Be1 Rec8 25.Rd1 Bc5 26.Qh5 Bxd4 27.Rxd4 Qe8 28.Bf1 Nc4 29.b6 axb6
30.a6 Bc6 31.Bb4 Nxb2 32.Qh4 Nc4 33.Rxe4 Qxe4 34.Qxe4 dxe4 35.Bxc4 Ra8 36.Bf1 Bd5
37.Bd6 Ra7 38.Rb1 Rc6 39.Be5 h6 40.Bd4 Bc4 41.Bxc4 Rxc4 42.Rxb6 Kh7 43.Rd6 Rac7  1/2-1/2

[Event "57th ch-WLS"]
[Site "Cardiff WLS"]
[Date "2011.04.23"]
[Round "3.7"]
[White "Pleasants,A"]
[Black "Thomas,Jam"]
[Result "1/2-1/2"]
[WhiteElo "2056"]
[BlackElo "1839"]

1.Nf3 d5 2.g3 c6 3.Bg2 Nf6 4.O-O Bf5 5.d4 h6 6.Nbd2 e6 7.c4 Nbd7 8.b3 Be7
9.Bb2 O-O 10.Rc1 Rc8 11.c5 Ne4 12.b4 Qc7 13.Ne5 Nxd2 14.Qxd2 Nxe5 15.dxe5 b6
16.Qd4 bxc5 17.bxc5 Rb8 18.a4 f6 19.Bc3 fxe5 20.Qxe5 Qxe5 21.Bxe5 Rb4 22.Bd6 Rf7
23.a5 Bf6 24.f3 Bb2 25.Rcd1 Rc4 26.e4 dxe4 27.fxe4 Bxe4 28.Be5 Rxf1+ 29.Bxf1 Rb4
30.Rd8+ Kh7 31.Bxb2 Rxb2 32.Rd7 Rc2 33.Rxa7 Rxc5 34.a6 Ra5 35.Kf2 Ra3 36.Re7 Bd5
37.a7 c5 38.Bh3 c4 39.Bxe6 Bxe6 40.Rxe6 Rxa7 41.Rc6  1/2-1/2

[Event "15th Neckar Open"]
[Site "Deizisau GER"]
[Date "2011.04.23"]
[Round "4"]
[White "Telljohann,S"]
[Black "Erdos,V"]
[Result "1/2-1/2"]
[WhiteElo "2415"]
[BlackElo "2597"]

1.Nf3 d5 2.g3 c6 3.Bg2 Bg4 4.b3 e6 5.Bb2 Nf6 6.O-O Nbd7 7.c4 Bd6 8.d3 O-O
9.h3 Bh5 10.a3 a5 11.Nc3 Qe7 12.Qc2 Rfe8 13.Rfe1 Rad8 14.Nh4 d4 15.Na2 e5
16.Nf5 Qe6 17.Nxd6 Qxd6 18.b4 axb4 19.axb4 Ra8 20.e3  1/2-1/2

[Event "57th ch-WLS"]
[Site "Cardiff WLS"]
[Date "2011.04.24"]
[Round "5.7"]
[White "Smith,O"]
[Black "Thomas,Jam"]
[Result "1/2-1/2"]
[WhiteElo "2004"]
[BlackElo "1839"]

1.Nf3 d5 2.g3 c6 3.Bg2 Nf6 4.d3 Bf5 5.Nbd2 h6 6.O-O e6 7.Rb1 Nbd7 8.b4 a6
9.c4 Be7 10.a4 O-O 11.Bb2 Qc7 12.Ba1 Rfc8 13.Qb3 b6 14.Rbe1 e5 15.Nxe5 Nxe5
16.f4 dxc4 17.dxc4 Ned7 18.e4 Bh7 19.e5 Ne8 20.c5 Nf8 21.f5 bxc5 22.Ne4 Qb6
23.Kh1 Qxb4 24.Qe3 f6 25.exf6 Bxf6 26.Nxf6+ Nxf6 27.Bxf6 gxf6 28.Qxh6 Ra7
29.Qxf6 Qd4 30.Qh6 Qg7 31.Qf4 Qf6 32.g4 Rg7 33.h3 Rd8 34.Qc4+ Kh8 35.Qxa6 Bg8
36.Qa5 Qh4 37.f6 Rgd7 38.Re5 Bf7 39.Qxc5 Rd3 40.Re3 Ne6 41.Qe5 Rd1 42.Rf3 Ng5
43.Re3 Qf2 44.Ree1 Rxe1 45.Qxe1 Qc2 46.Qh4+ Nh7 47.Qh6 Rg8 48.Qf4 c5 49.Rc1 Qg6
50.Rxc5 Qxf6 51.Qxf6+ Nxf6 52.a5 Rd8 53.Rc1 Bd5 54.a6 Bxg2+ 55.Kxg2 Rd2+
56.Kg3 Ra2 57.Rc6 Kg7 58.Kf4 Nd5+ 59.Kg5 Ra5 60.Rg6+ Kf7 61.Kh6 Nf4 62.Rg7+ Ke6
63.a7 Nxh3 64.Kh7 Nf2 65.Kg8 Nxg4  1/2-1/2

[Event "9th OK-TX Match"]
[Site "Davis USA"]
[Date "2011.04.24"]
[Round "2.1"]
[White "Hayward,K"]
[Black "Roring,Tres"]
[Result "1/2-1/2"]
[WhiteElo "2281"]
[BlackElo "1967"]

1.Nf3 d5 2.g3 Nf6 3.Bg2 g6 4.O-O Bg7 5.d4 O-O 6.c4 c6 7.cxd5 Nxd5 8.e4 Nb6
9.h3 Be6 10.Nc3 h6 11.Re1 Qc8 12.Kh2 Rd8 13.Qc2 Na6 14.a3 Nc7 15.Bf4 g5 16.Be3 Nc4
17.Rad1 Nxe3 18.fxe3 Ne8 19.Rc1 Nf6 20.e5 Nd5 21.e4 Nxc3 22.Qxc3 f6 23.exf6 exf6
24.Qe3 Qd7 25.Red1 Qf7 26.Kg1 Rd7 27.Rf1 Qh5 28.g4 Qg6 29.d5 cxd5 30.Nd4 Qf7
31.exd5 Bxd5 32.Bxd5 Qxd5 33.Nf5 Bf8 34.Rfd1 Qf7 35.Rxd7 Qxd7 36.Qb3+ Kh8
37.Rd1 Bc5+ 38.Kg2 Qe8 39.Qf3 Rd8 40.b4 Rxd1 41.Qxd1 Qe4+ 42.Kg3 Qf4+ 43.Kg2 Qe4+
44.Kg3 Qe5+ 45.Kf3 Qc3+ 46.Kg2 Qb2+ 47.Kh1 Bf8 48.Qd8 Qc1+ 49.Kg2 Qc2+ 50.Kg1 Qb1+
51.Kf2 Qa2+ 52.Kf1 Qc4+ 53.Kf2 Qf4+ 54.Kg2 Qe4+ 55.Kf2 Qc2+ 56.Kg1 Qc1+ 57.Kf2 Qb2+
58.Kf1  1/2-1/2

[Event "Easter Open"]
[Site "Norrkoping SWE"]
[Date "2011.04.24"]
[Round "7"]
[White "Henriksson,Jo"]
[Black "Orndahl,Mar"]
[Result "1/2-1/2"]
[WhiteElo "2272"]
[BlackElo "2235"]

1.Nf3 d5 2.g3 Nf6 3.Bg2 g6 4.O-O Bg7 5.d4 O-O 6.c4 c6 7.cxd5 Nxd5 8.e4 Nb6
9.h3 c5 10.dxc5 Qxd1 11.Rxd1 Na4 12.Nc3 Nxc3 13.bxc3 Bxc3 14.Bh6 Re8 15.Rac1 Bh8
16.Nd4 a6 17.c6 bxc6 18.e5 Bd7 19.e6 fxe6 20.Nb3 a5 21.a4 Be5 22.Be3 Bc7
23.h4 Kf7 24.Nc5 Bc8 25.Ne4 e5 26.Ng5+ Kg8 27.Rxc6 Nxc6 28.Bxc6 Bg4 29.f3 Bf5
30.g4 Rad8 31.Rxd8 Rxd8 32.gxf5 gxf5 33.Bb5 Rd1+ 34.Kf2 Bd6 35.Bc4+ Kg7 36.Ne6+ Kg6
37.f4 Rb1 38.fxe5 Bxe5 39.Bg5 Rb4 40.Nf8+ Kg7 41.Ne6+ Kf7 42.Bd5 Rb6 43.Nd8+ Ke8
44.Nc6 Bc3 45.Bxe7 Kd7 46.Ke3 Rxc6 47.Bxc6+ Kxc6 48.Kf4 Kd7 49.Bc5 Ke6 50.Be3 Be5+
51.Kf3 Kd5 52.Bb6 Bc3 53.Kf4 Ke6 54.Kf3 Bd2 55.Ke2 Bc3 56.Kf3 Be1 57.Ke2 Bb4
58.Kf3 Ke5 59.Bc7+ Ke6 60.Bb6 Kf6 61.Bd8+ Kg6 62.Kf4 Bd2+ 63.Ke5 Be1 64.h5+ Kxh5
65.Kxf5 Bc3 66.Bg5 Bb4 67.Bd8 Bc5 68.Bf6 Kh6 69.Bg5+ Kg7 70.Bd8 Kf7 71.Kg4 Kg6
72.Bxa5  1/2-1/2

[Event "Easter Open"]
[Site "Norrkoping SWE"]
[Date "2011.04.24"]
[Round "7"]
[White "Akesson,R"]
[Black "Wahlstrom,L"]
[Result "1-0"]
[WhiteElo "2433"]
[BlackElo "2130"]

1.Nf3 d5 2.g3 c5 3.Bg2 Nc6 4.d4 Nf6 5.O-O e6 6.c4 Be7 7.cxd5 exd5 8.Nc3 O-O
9.Bg5 cxd4 10.Nxd4 Re8 11.Rc1 Be6 12.Nxe6 fxe6 13.Qb3 Na5 14.Qa4 h6 15.Bxf6 Bxf6
16.Rfd1 Nc4 17.Qb3 Bxc3 18.Qxc3 Qb6 19.b3 Nd6 20.Qe5 Kh8 21.e4 Rf8 22.exd5 Qxf2+
23.Kh1 Nf7 24.Qxe6 Ng5 25.Qg6 Rf6 26.Qc2 Qb6 27.Qc5 Qxc5 28.Rxc5 Nf7 29.Re1 Nd6
30.Rc7 Raf8 31.Re6 a5 32.Rd7 Nf5 33.Rxf6 Rxf6 34.Rxb7 Ne3 35.Re7 Ng4 36.h3 Nf2+
37.Kg1 Nd1 38.Ra7 Rf2 39.d6 Rd2 40.d7  1-0

[Event "Philadelphia Open"]
[Site "Philadelphia USA"]
[Date "2011.04.24"]
[Round "9"]
[White "Kulic,S"]
[Black "Yang,Dar"]
[Result "0-1"]
[WhiteElo "2201"]
[BlackElo "2416"]

1.Nf3 d5 2.g3 Nf6 3.Bg2 c6 4.d4 Bf5 5.O-O Nbd7 6.c4 dxc4 7.Na3 Nb6 8.Ne5 Be6
9.e4 g6 10.Be3 Bg7 11.Qe2 O-O 12.h3 Ne8 13.Rad1 Qc8 14.Kh2 Nd6 15.f4 f6 16.Ng4 f5
17.exf5 gxf5 18.Ne5 Bd5 19.Bd2 Qe6 20.Rfe1 Rad8 21.Ba5 Bxe5 22.Qxe5 Qxe5
23.Rxe5 e6 24.Bxd5 exd5 25.Bb4 Nbc8 26.Nc2 Rf7 27.Ne3 b6 28.Rg1 a5 29.Bxd6 Nxd6
30.g4 fxg4 31.Nxg4 Kf8 32.Re6 Rg7 33.Rf6+ Ke7 34.Re1+ Kd7 35.Ree6 Kc7 36.Nh6 Rg6
37.Rxg6 hxg6 38.Rxg6 c5 39.dxc5 bxc5 40.Rg5 Kc6 41.Ng4 d4 42.Ne5+ Kb5 43.Nf3 Ne4
44.Re5 c3 45.Rxe4 cxb2 46.Nd2 c4 47.Re5+ Kb4 48.Re7 c3 49.Nb1 c2 50.Rb7+ Ka4  0-1

[Event "17th Asian Cities"]
[Site "Jakarta INA"]
[Date "2011.04.25"]
[Round "4.11"]
[White "Tsang,H"]
[Black "Kadek,I"]
[Result "1-0"]
[WhiteElo "2079"]
[BlackElo "1919"]

1.Nf3 d5 2.g3 Nf6 3.Bg2 e6 4.c4 c6 5.b3 Be7 6.Bb2 O-O 7.O-O Nbd7 8.d3 Re8
9.Nbd2 Bf8 10.d4 b6 11.Qc2 Bb7 12.e4 dxe4 13.Nxe4 c5 14.Nxf6+ Nxf6 15.dxc5 Bxc5
16.Ng5 Bxg2 17.Kxg2 h6 18.Rad1 Qe7 19.Bxf6 Qb7+ 20.Qe4 Rab8 21.Qxb7 Rxb7
22.Ne4 gxf6 23.Nxf6+ Kf8 24.Nxe8 Kxe8 25.Rd3 a5 26.Rfd1 a4 27.Rd8+ Ke7 28.Rh8 axb3
29.axb3 Ra7 30.Rd3 Ra2 31.Rf3 e5 32.Rh7 e4 33.Rfxf7+ Ke6 34.Kf1 Ra1+ 35.Ke2 Ra2+
36.Ke1 Ra1+ 37.Kd2 Ra2+ 38.Kc3 Bxf2 39.Re7+ Kf5 40.Rhf7+ Kg6 41.Rg7+ Kf6
42.Rgf7+ Kg6 43.Rf4 e3 44.Rfe4 h5 45.Kb4 Rb2 46.h3 Re2 47.g4 hxg4 48.hxg4 Kg5
49.R7e5+ Kh4 50.g5+ Kh5 51.Kb5 Rb2 52.Rxe3 Kg6 53.Rf3 Bd4 54.Rd5 Bg1 55.Rd6+ Kg7
56.g6 Rg2 57.Rf7+ Kh6 58.Rh7+ Kg5 59.g7 Kf4 60.Rd7 Rg5+ 61.Kc6  1-0

[Event "9th V Nabokov GM"]
[Site "Kyiv UKR"]
[Date "2011.04.25"]
[Round "9.2"]
[White "Pavlov,S2"]
[Black "Itkis,B"]
[Result "1/2-1/2"]
[WhiteElo "2526"]
[BlackElo "2405"]

1.Nf3 d5 2.g3 Nf6 3.Bg2 c6 4.O-O Bg4 5.c4 e6 6.d3 Nbd7 7.Qb3 Qb6 8.Be3 Qxb3
9.axb3 a6 10.h3 Bxf3 11.Bxf3 Bd6 12.Rc1 O-O 13.Na3 Rac8 14.Nc2 Rfd8 15.Bg2 h6
16.b4 Be7 17.Ra5 Bd6 18.Bd4 Bc7 19.Raa1 Be5 20.Bxe5 Nxe5 21.b3 Ned7 22.Ne1 Kf8
23.Rc2 Ke7 24.Rac1 Ra8 25.Ra2 Rac8 26.Kf1 g5 27.e3 h5 28.Ke2 Ne8 29.d4 Nd6
30.Nd3 Nf6 31.Nc5 Rg8 32.Rac2 Rb8 33.Rh1 Rg7 34.Nd3 Ra8 35.Ra1 Rb8 36.Ne5 Rgg8
37.Kd3 Rgd8 38.Ke2 Nd7 39.Nd3 Rg8 40.Rac1 Rbc8 41.Nc5 Nf6 42.Ra2 Rb8 43.Kd3 Rgd8
44.Ke2 Rg8 45.Ke1 Rgd8 46.Bf1 Nfe8 47.Be2 Nf6 48.Na4 Kf8 49.Nc5 Ke7 50.Nd3 Ra8
51.Ne5 Rdc8 52.Rca1 Rab8 53.Rc2 Rc7 54.Rac1 Rcc8 55.Bd3 Rc7 56.Ke2 Rg8 57.Rh1 Rcc8
58.Rcc1 Rh8 59.h4 g4 60.Ra1 Rhg8 61.Ra2 Nfe4 62.Bxe4 dxe4 63.c5 Nb5 64.Rc1 f6
65.Nc4 Rcd8 66.Nd2 f5 67.Nb1 e5 68.dxe5 Rd3 69.Rb2 Rgd8 70.Ke1 Ke6 71.Rd2 Kxe5
72.Rcd1 Rxd2 73.Nxd2 Ke6 74.Nb1 Rxd1+ 75.Kxd1 Kd5 76.Kd2 Ke6 77.Nc3 Nxc3
78.Kxc3 Kd5 79.Kc2  1/2-1/2

[Event "Lenk Open"]
[Site "Lenk SUI"]
[Date "2011.04.25"]
[Round "7"]
[White "Paladini,JM"]
[Black "Bonferroni,T"]
[Result "1-0"]
[WhiteElo "2053"]
[BlackElo "1836"]

1.Nf3 d5 2.g3 c5 3.Bg2 Nf6 4.O-O Nc6 5.d4 cxd4 6.Nxd4 e5 7.Nxc6 bxc6 8.c4 Be7
9.Nc3 e4 10.Qc2 Be6 11.Rd1 Qc8 12.Bf4 O-O 13.Rac1 Qa6 14.Na4 Rac8 15.c5 Bf5
16.b3 Bg6 17.Qd2 Rfe8 18.Bh3 Ra8 19.Bd6 Bh5 20.Re1 Bg4 21.Bg2 Bxd6 22.cxd6 Red8
23.f3 Bf5 24.g4 exf3 25.exf3 Be6 26.Bf1 Qb7 27.g5 Ne8 28.Bd3 g6 29.Qc2 Rxd6
30.Nc5 Qb6 31.Kh1 Ng7 32.h4 Nf5 33.Qh2 Rad8 34.h5 Ng7 35.h6 Nh5 36.f4 d4
37.f5 Bd5+ 38.Kg1 Qb8 39.fxg6 fxg6 40.Re7 Re8 41.Rce1 Rf8 42.Qe5 Rdd8 43.Rg7+ Kh8
44.Rc7+ Kg8 45.Bxg6 Qxc7 46.Qxc7 hxg6 47.Re7 Rde8 48.h7+ Kh8 49.Qe5+  1-0

[Event "ch-RUS Rapid"]
[Site "Olginka RUS"]
[Date "2011.04.25"]
[Round "6"]
[White "Maletin,P"]
[Black "Kruchev,B"]
[Result "1-0"]
[WhiteElo "2584"]
[BlackElo "2256"]

1.Nf3 d5 2.g3 Nf6 3.Bg2 c6 4.c4 Bf5 5.cxd5 cxd5 6.Qb3 Bc8 7.Nc3 Nc6 8.d3 e6
9.O-O Be7 10.e4 O-O 11.e5 Nd7 12.d4 a6 13.h4 b5 14.Bg5 Na5 15.Qc2 Re8 16.b3 Bb7
17.Ne2 Rc8 18.Qd2 Nf8 19.Nf4 h6 20.Bxe7 Rxe7 21.Nd3 Nd7 22.Rfc1 Nc6 23.a4 Na5
24.Rxc8 Bxc8 25.Qb4 Nc6 26.Qd6 Ndb8 27.axb5 axb5 28.Qxd8+ Nxd8 29.Ra5 Ndc6
30.Ra1 Kf8 31.Bf1 Ra7 32.Rxa7 Nxa7 33.Nfe1 Ke7 34.b4 Bd7 35.f4 Be8 36.g4 Nd7
37.Kf2 Nb6 38.f5 Nc6 39.Nc2 Nc4 40.Nf4 Nd8 41.Bh3 Bd7 42.Nh5 f6 43.exf6+ gxf6
44.Nf4 Kd6 45.fxe6 Nxe6 46.Nh5 Ke7 47.Bg2 Nc7 48.Kg3 Nb6 49.Nf4 Kd6 50.Bf1 Nc4
51.Bd3 Ne6 52.Nh5 Ke7 53.Kf3 Nd2+ 54.Ke2 Nc4 55.Kf2 Nd2 56.Ne3 Nc7 57.Ng3 Kf8
58.Ngf5 Nb3 59.Bc2 Na1 60.Bd1 Bxf5 61.gxf5 Ke7 62.Ke2 Na6 63.Nxd5+ Kd6 64.Nxf6 Nxb4
65.Kd2 Na2 66.Ne4+ Ke7 67.f6+ Kf7 68.Bh5+ Kf8 69.Nc5  1-0

[Event "ch-RUS Rapid Women"]
[Site "Olginka RUS"]
[Date "2011.04.26"]
[Round "6"]
[White "Fominykh,M"]
[Black "Galliamova,A"]
[Result "0-1"]
[WhiteElo "2303"]
[BlackElo "2497"]

1.Nf3 d5 2.g3 c6 3.Bg2 Bf5 4.b3 Nf6 5.Bb2 e6 6.O-O h6 7.d3 Be7 8.Nbd2 O-O
9.Ne5 Nfd7 10.e4 Bh7 11.f4 Nxe5 12.Bxe5 Bf6 13.Bxf6 Qxf6 14.e5 Qe7 15.Kh1 c5
16.Qe2 Nc6 17.Nf3 b5 18.c4 Nb4 19.Rad1 bxc4 20.bxc4 Rad8 21.a3 Nc6 22.cxd5 Rxd5
23.Ne1 Nd4 24.Qa2 Rd7 25.Rb1 h5 26.Rf2 h4 27.Qc4 hxg3 28.hxg3 Nf5 29.Rf3 f6
30.Kh2 fxe5 31.fxe5 Rd4 32.Qa2 Rd5 33.Rf4 Rxe5 34.Rb7 Qg5 35.Qf2 Re2 36.Qxe2 Qxg3+
37.Kg1 Qxf4 38.Qxe6+ Kh8 39.Nf3 Nd4 40.Qe7 Nxf3+ 41.Bxf3 Rg8 42.Be4 Qg3+
43.Kh1 Bxe4+ 44.dxe4 Qf3+ 45.Kh2 Qh5+ 46.Kg3 Qg6+ 47.Kh3 Re8 48.Qh4+ Kg8
49.Re7 Rf8 50.Qg4 Qh6+ 51.Kg2 Qd2+ 52.Kh3 Qe3+ 53.Qg3 Rf3 54.Rxg7+ Kf8 55.Rg8+ Ke7
56.Rg7+ Kd8 57.Rg8+ Kd7 58.Rg7+ Kc6 59.Rg6+ Kb5 60.a4+ Ka5 61.Qxf3 Qxf3+
62.Rg3 Qxe4 63.Kh2 Qf4 64.Kg2 Qxg3+  0-1

[Event "ch-USA KO Women 3rd-4th"]
[Site "Saint Louis USA"]
[Date "2011.04.26"]
[Round "2.1"]
[White "Baginskaite,C"]
[Black "Krush,I"]
[Result "0-1"]
[WhiteElo "2342"]
[BlackElo "2472"]

1.Nf3 d5 2.g3 Bg4 3.Bg2 Nd7 4.c4 e6 5.Qb3 Nc5 6.Qe3 c6 7.Ne5 Bf5 8.d4 Nd7
9.cxd5 cxd5 10.g4 Bxb1 11.Rxb1 Nxe5 12.dxe5 Bb4+ 13.Bd2 Bxd2+ 14.Qxd2 Ne7
15.f4 h5 16.g5 O-O 17.O-O Qb6+ 18.Kh1 Rac8 19.e4 Rfd8 20.Qe2 dxe4 21.Bxe4 Rd4
22.Rbd1 Ng6 23.f5 exf5 24.Bxf5 Qc6+ 25.Kg1 Nf4 26.Qf2 Rcd8 27.Rxd4 Rxd4 28.Qf3 Qb6
29.Kh1 Qb4 30.Bc2 Qe7 31.Be4 Qxe5 32.Bxb7 Qxg5 33.Qe3 Qf6 34.Be4 g5 35.h4 Qe6
36.Rxf4 Rd1+ 37.Kh2 gxf4 38.Qxf4 Qd6 39.Qxd6 Rxd6 40.b4 Rd4  0-1

[Event "TCh-ESP Selecciones Autonomicas"]
[Site "Gijon ESP"]
[Date "2011.04.30"]
[Round "2.1"]
[White "Garza Marco,S"]
[Black "Veganzones Rojo,D"]
[Result "1-0"]
[WhiteElo "2434"]
[BlackElo "2072"]

1.Nf3 d5 2.g3 Bf5 3.Bg2 c6 4.O-O Nd7 5.d3 Ngf6 6.Nbd2 e6 7.b3 Bd6 8.Bb2 O-O
9.Qe1 e5 10.e4 dxe4 11.dxe4 Be6 12.Qe2 h6 13.Nc4 Bxc4 14.Qxc4 Qc7 15.Nh4 Rfe8
16.a4 a5 17.Rad1 Bf8 18.Bc3 Rad8 19.Nf3 Ra8 20.Rfe1 Nc5 21.Nh4 Ne6 22.Nf5 g6
23.Ne3 Bg7 24.h4 h5 25.Bh3 Nd4 26.Bxd4 exd4 27.Rxd4 Qb6 28.Bg2 Ng4 29.Rdd1 Ne5
30.Qe2 Qc5 31.Kh1 Ng4 32.Nxg4 hxg4 33.Rd7 Rad8 34.Red1 Rxd7 35.Rxd7 Bd4 36.Kg1 Qc3
37.Kh2 Qc5 38.Qxg4 Bxf2 39.Qf4 Bg1+ 40.Kh1 Rf8 41.Rxb7 Be3 42.Qf3 Qc3 43.Bf1 Qe1
44.Kg2 Bc5 45.Rd7 Qc1 46.Qc3 Be3 47.e5 c5 48.e6 Bd4 49.Qd3 Qe1 50.exf7+ Kg7
51.Qf3 Qd2+ 52.Kh3 Qxc2 53.Bd3 Qf2 54.Qxf2 Bxf2 55.Bc4 Bd4 56.Kg4 Kf6 57.Rd6+ Kg7
58.Kf3 Rh8 59.Ba6 Bc3 60.Re6 Bd4 61.Re8 Rf8 62.g4 Bc3 63.Ke4 Be1 64.h5 gxh5
65.gxh5  1-0

[Event "TCh-ESP Selecciones Autonomicas"]
[Site "Gijon ESP"]
[Date "2011.04.30"]
[Round "3.1"]
[White "Cacho Reigadas,S"]
[Black "Gomez Esteban,J"]
[Result "1-0"]
[WhiteElo "2518"]
[BlackElo "2477"]

1.Nf3 d5 2.g3 Nf6 3.Bg2 c6 4.d3 Nbd7 5.c4 e5 6.cxd5 cxd5 7.O-O Bd6 8.Nc3 O-O
9.e4 d4 10.Nb5 Be7 11.a4 Ne8 12.Bd2 a6 13.Na3 Nd6 14.a5 b5 15.axb6 Qxb6 16.b4 Bf6
17.Qb1 Bb7 18.Bh3 Qd8 19.Rc1 Rb8 20.Nc4 Nxc4 21.Rxc4 Be7 22.Bxd7 Qxd7 23.Nxe5 Qe6
24.Nc6 Bxc6 25.Rxa6 Rfc8 26.Qc1 Bd7 27.Rxe6 Bxe6 28.Rxc8+ Rxc8 29.Qb2 h5
30.b5 h4 31.b6  1-0

[Event "14th Malaga Open"]
[Site "Malaga ESP"]
[Date "2011.04.30"]
[Round "2.10"]
[White "Camacho Collados,J"]
[Black "Iagar,R"]
[Result "1/2-1/2"]
[WhiteElo "2380"]
[BlackElo "2125"]

1.Nf3 d5 2.g3 c6 3.Bg2 Bf5 4.O-O e6 5.d3 Nf6 6.Nbd2 h6 7.b3 Be7 8.Bb2 Nbd7
9.e4 dxe4 10.dxe4 Bg4 11.Qe2 O-O 12.Rad1 Qc7 13.h3 Bh5 14.g4 Bg6 15.Ne1 Rad8
16.f4 Rfe8 17.Nd3 Bf8 18.Qf3 Nc5 19.Bxf6 gxf6 20.f5 Bh7 21.Nxc5 Bxc5+ 22.Kh1 Rd7
23.Nc4 Rxd1 24.Rxd1 Rd8 25.Rxd8+ Qxd8 26.Qd3 Qc7 27.Nd2 Kg7 28.Nf3 Qf4 29.Qe2 h5
30.Ne1 Qc1 31.Bf1 Qg5 32.Nd3 Bb6 33.Qf3 exf5 34.exf5 Bxf5 35.Qxf5 Qe3 36.Nf2 Qxf2
37.Qxf2 Bxf2 38.gxh5 Kh6 39.Be2 Kg5 40.Kg2 Bd4 41.Kf3 f5 42.Bc4 Kxh5 43.Kf4 Kg6
44.Bd3 Kf6 45.Bxf5 Ke7 46.h4 Bb2 47.a4 Bc3 48.Ke4 b5 49.Kd3 Bf6 50.h5 a5
51.h6 b4 52.Be4 Kd6 53.Bf3 Bc3 54.Ke4 Bh8 55.Bg4 Bc3 56.Kd3 Bb2 57.Bh5 f5
58.Bg6 f4 59.Ke4 Be5 60.Bf7 Bc3 61.Bc4 Bb2 62.Bd3 Be5 63.h7 Ke6 64.Bc4+ Kd6
65.Bf1 Ke6 66.Bh3+ Kd6 67.Bg4 Bc3 68.Kxf4 Bb2 69.c4 c5 70.Kf5 Bd4 71.Kg6 Ke7
72.Bf3 Bc3 73.Kg5 Kd6  1/2-1/2

[Event "43rd TCh-ITA 2011"]
[Site "Spoleto ITA"]
[Date "2011.04.30"]
[Round "5"]
[White "De Santis,A"]
[Black "Bentivegna,F"]
[Result "1-0"]
[WhiteElo "2295"]
[BlackElo "2317"]

1.Nf3 d5 2.g3 Nc6 3.d4 Bg4 4.Bg2 e6 5.O-O Nf6 6.b3 Be7 7.Bb2 O-O 8.c4 Bf5
9.a3 a5 10.Nc3 Ne4 11.Na4 Qc8 12.Nd2 Rd8 13.Nxe4 Bxe4 14.f3 Bg6 15.e3 Bf6
16.f4 dxc4 17.bxc4 e5 18.d5 exf4 19.Bxf6 gxf6 20.gxf4 Ne7 21.e4 h6 22.f5 Bh7
23.Qh5 Kh8 24.Qxh6 Ng8 25.Qh4 Qd7 26.Nc5 Qe7 27.Nd3 Qf8 28.Rf3 Qh6 29.Qf2 Ne7
30.Rh3 Qg5 31.Rg3 Qh6 32.Rh3 Qg5 33.Kh1 Rg8 34.Bf3 Qg7 35.Qh4 Ra6 36.c5 a4
37.Nf4 Ng6 38.fxg6 fxg6 39.Rg1 g5 40.Qh5 Qe7 41.Ng6+  1-0